Actors who play roles with Hugh Jackman - Statistics

General Stats
  • This quiz has been taken 10 times
  • The average score is 21 of 100
Answer Stats
Hint Answer % Correct
X-Men Origins : WolverineDeadpool 2 Once Upon a Deadpool Free Guy Ryan Reynolds
100%
The Prestige Christian Bale
78%
Prisoners Jake Gyllenhaal
78%
X-MenX2 X-Men : The Last Stand X-Men Origins : Wolverine The Wolverine X-Men : Days of Future Past Logan Patrick Stewart
67%
X-MenSwordfish X2 X-Men : The Last Stand Movie 43 X-Men : Days of Future Past Halle Berry
56%
X-Men : First ClassX-Men : Days of Future Past X-Men : Apocalypse Deadpool 2 Once Upon a Deadpool James McAvoy
56%
ScoopThe Prestige Scarlett Johansson
56%
X-MenX2 X-Men : The Last Stand X-Men : Days of Future Past Anna Paquin
44%
Les Miserables Anne Hathaway
44%
X-MenX2 X-Men : The Last Stand The Wolverine X-Men : Days of Future Past Famke Janssen
44%
X-MenX2 X-Men : The Last Stand Flushed Away The Wolverine X-Men : Days of Future Past Ian McKellen
44%
Deadpool 2Once Upon a Deadpool Morena Baccarin
44%
Les MiserablesPan Amanda Seyfried
33%
Chappie Dev Patel
33%
Happy Feet Elijah Wood
33%
X-Men : The Last StandX-Men : Days of Future Past Elliot Page
33%
X-MenX2 X-Men : The Last Stand X-Men : Days of Future Past James Marsden
33%
Deadpool 2Once Upon a Deadpool Josh Brolin
33%
Van Helsing Kate Beckinsale
33%
Flushed AwayMovie 43 Kate Winslet
33%
Kate & LeopoldX-Men Origins : Wolverine Movie 43 Liev Schreiber
33%
X-Men : First ClassX-Men : Days of Future Past X-Men : Apocalypse Michael Fassbender
33%
X-Men : First ClassX-Men : Days of Future Past X-Men : Apocalypse Deadpool 2 Once Upon a Deadpool Nicholas Hoult
33%
X-MenX2 X-Men : The Last Stand X-Men : First Class Rebecca Romijn
33%
Les Miserables Russell Crowe
33%
X-MenX2 X-Men : The Last Stand X-Men : Days of Future Past Shawn Ashmore
33%
X-MenX-Men : The Last Stand X-Men : Apocalypse Stan Lee
33%
The Greatest Showman Zac Efron
33%
Stories of Lost SoulsThe Prestige Flushed Away Andy Serkis
22%
Deadpool 2Once Upon a Deadpool Brianna Hildebrand
22%
X-MenX2 Bruce Davison
22%
Logan Dafne Keen
22%
Les Miserables Eddie Redmayne
22%
X-Men : Days of Future PastX-Men : Apocalypse Deadpool 2 Once Upon a Deadpool Evan Peters
22%
Les Miserables Helena Bonham Carter
22%
X-Men : First ClassX-Men : Days of Future Past X-Men : Apocalypse Jennifer Lawrence
22%
Swordfish John Travolta
22%
Deadpool 2Once Upon a Deadpool Julian Dennison
22%
X-Men Origins : WolverineReal Steel Kevin Durand
22%
Pan Levi Miller
22%
DeceptionThe Greatest Showman Michelle Williams
22%
Happy FeetAustralia Nicole Kidman
22%
The Greatest ShowmanReminiscence Rebecca Ferguson
22%
The Prestige Rebecca Hall
22%
X-Men : First ClassX-Men : Apocalypse Rose Byrne
22%
Les Miserables Sacha Baron Cohen
22%
Movie 43Logan Stephen Merchant
22%
Eddie the Eagle Taron Egerton
22%
X-Men Origins : Wolverine Taylor Kitsch
22%
Movie 43Prisoners Terrence Howard
22%
Kate & LeopoldPrisoners Viola Davis
22%
Scoop Woody Allen
22%
Deadpool 2Once Upon a Deadpool Home Movie : The Princess Bride Zazie Beetz
22%
X2X-Men : The Last Stand Aaron Stanford
11%
Rise of the GuardiansHome Movie : The Princess Bride Chris Pine
11%
Real SteelRise of the Guardians Dakota Goyo
11%
X2X-Men : The Last Stand X-Men : Days of Future Past Daniel Cudmore
11%
X-Men Origins : Wolverine Danny Huston
11%
The Rat TamerCorrelli Deborra-Lee Furness
11%
WWE Survivor Series 2021Free Guy Dwayne Johnson
11%
Movie 43 Emma Stone
11%
Happy Feet Hugo Weaving
11%
Deadpool 2Once Upon a Deadpool Karan Soni
11%
X-Men : The Last StandX-Men : Days of Future Past Kelsey Grammer
11%
Deadpool 2Once Upon a Deadpool Leslie Uggams
11%
X-Men : First ClassX-Men : Days of Future Past X-Men : Apocalypse Lucas Till
11%
X-Men Origins : Wolverine Lynn Collins
11%
Prisoners Maria Bello
11%
Big MouthHuman Resources Maya Rudolph
11%
The Prestige Michael Caine
11%
Flushed AwayHappy Feet Miriam Margolyes
11%
Big MouthHuman Resources Nick Kroll
11%
DeceptionThe Greatest Showman Paul Sparks
11%
The Fountain Rachel Weisz
11%
Logan Richard E. Grant
11%
Happy FeetNight at the Museum : Secret of the Tomb Robin Williams
11%
Chappie Sharlto Copley
11%
ReminiscenceHuman Resources Thandiwe Newton
11%
SwordfishX-Men : The Last Stand Vinnie Jones
11%
Bad Education Allison Janney
0%
Logan Boyd Holbrook
0%
Happy Feet Brittany Murphy
0%
X-Men : The Last StandX-Men : Days of Future Past Chris Claremont
0%
The FountainReminiscence Cliff Curtis
0%
Movie 43Home Movie : The Princess Bride Common
0%
Van HelsingAustralia David Wenham
0%
Logan Elizabeth Rodriguez
0%
Real Steel Evangeline Lilly
0%
Someone Like You...Movie 43 Greg Kinnear
0%
Deadpool 2Once Upon a Deadpool Jack Kesy
0%
Movie 43 Johnny Knoxville
0%
X-Men : Days of Future PastX-Men : Apocalypse Josh Helman
0%
Flushed AwayPan Kathy Burke
0%
Movie 43 Katie Finneran
0%
Oklahoma !Stories of Lost Souls Maureen Lipman
0%
X-Men Origins : WolverineX-Men : Days of Future Past Deadpool 2 Once Upon a Deadpool Mike Dopud
0%
The Wolverine Rila Fukushima
0%
Oklahoma !Van Helsing The Greatest Showman Shuler Hensley
0%
The Wolverine Tao Okamoto
0%
Deadpool 2Once Upon a Deadpool T.J. Miller
0%
No matching quizzes found
Score Distribution
Percent of People with Each Score
Percentile by Number Answered
Your Score History
You have not taken this quiz